Foreign Policy Challenges in the 21st Century / (Record no. 13482)
[ view plain ]
| 000 -LEADER | |
|---|---|
| fixed length control field | 02459cam a2200385 a 4500 |
| 001 - CONTROL NUMBER | |
| control field | 15545596 |
| 005 - DATE AND TIME OF LATEST TRANSACTION | |
| control field | 20100203181248.0 |
| 008 - FIXED-LENGTH DATA ELEMENTS--GENERAL INFORMATION | |
| fixed length control field | 081205s2009 enk |rb 001 0 eng |
| 010 ## - LIBRARY OF CONGRESS CONTROL NUMBER | |
| LC control number | 2008943096 |
| 015 ## - NATIONAL BIBLIOGRAPHY NUMBER | |
| National bibliography number | GBA8D9483 |
| Source | bnb |
| 016 7# - NATIONAL BIBLIOGRAPHIC AGENCY CONTROL NUMBER | |
| Record control number | 014853004 |
| Source | Uk |
| 020 ## - INTERNATIONAL STANDARD BOOK NUMBER | |
| International Standard Book Number | 9781847209153 (hbk.) |
| 020 ## - INTERNATIONAL STANDARD BOOK NUMBER | |
| International Standard Book Number | 1847209157 (hbk.) |
| 035 ## - SYSTEM CONTROL NUMBER | |
| System control number | (OCoLC)ocn276822589 |
| 040 ## - CATALOGING SOURCE | |
| Original cataloging agency | UKM |
| Transcribing agency | UKM |
| Modifying agency | BTCTA |
| -- | YDXCP |
| -- | BWKUK |
| -- | BWK |
| -- | J2H |
| -- | CDX |
| -- | DLC |
| 042 ## - AUTHENTICATION CODE | |
| Authentication code | ukblcatcopy |
| -- | lccopycat |
| 050 00 - LIBRARY OF CONGRESS CALL NUMBER | |
| Classification number | JZ1242 |
| Item number | .F673 2009 |
| 082 04 - DEWEY DECIMAL CLASSIFICATION NUMBER | |
| Classification number | 327 |
| Edition number | 22 |
| Item number | FOR |
| 245 00 - TITLE STATEMENT | |
| Title | Foreign Policy Challenges in the 21st Century / |
| Statement of responsibility, etc | Edited by Michael Heazle, Martin Griffiths, Tom Conley. |
| 260 ## - PUBLICATION, DISTRIBUTION, ETC. (IMPRINT) | |
| Place of publication, distribution, etc | Cheltenham ; |
| -- | Northhampton, MA : |
| Name of publisher, distributor, etc | Edward Elgar, 2009 |
| Date of publication, distribution, etc | c2009. |
| 300 ## - PHYSICAL DESCRIPTION | |
| Extent | xiii, 241 p. ; |
| Dimensions | 24 cm. |
| 504 ## - BIBLIOGRAPHY, ETC. NOTE | |
| Bibliography, etc | Includes bibliographical references and index. |
| 505 0# - FORMATTED CONTENTS NOTE | |
| Formatted contents note | Introduction : foreign policy and the limits of democratic debate / Michael Heazle, Martin Griffiths and Tom Conley -- Democratization : paradoxes and pitfalls / Martin Griffiths -- Science, advocacy and the role of values in environmental debate / Michael Heazle -- The marketplace of ideas and global development / Iyanatul Islam -- Globalization, the state and liberal democracy / Tom Conley -- The song remains the same : converging views on a rising China / Michael Clarke and Doug Smith -- The invasion of Iraq : the marketplace of ideas and its limits / Andrew O'Neil -- Epistemic constitutionalism in international governance : the case of climate change / Clark A. Miller -- Islam and the struggle for democracy / Mohamad Abdalla and Halim Rane -- The international movement of people : a multi-headed policy Hydra for liberal democracies / Christine Inglis -- A hundred years of drug prohibition : a study in the failure of global governance / Alfred W. McCoy. |
| 650 #0 - SUBJECT ADDED ENTRY--TOPICAL TERM | |
| Topical term or geographic name as entry element | Globalization. |
| 9 (RLIN) | 11778 |
| 651 #0 - SUBJECT ADDED ENTRY--GEOGRAPHIC NAME | |
| Geographic name | United States |
| General subdivision | Foreign relations. |
| 9 (RLIN) | 11779 |
| 651 #0 - SUBJECT ADDED ENTRY--GEOGRAPHIC NAME | |
| Geographic name | Australia |
| General subdivision | Foreign relations. |
| 9 (RLIN) | 11780 |
| 651 #0 - SUBJECT ADDED ENTRY--GEOGRAPHIC NAME | |
| Geographic name | Great Britain |
| General subdivision | Foreign relations. |
| 9 (RLIN) | 11781 |
| 700 1# - ADDED ENTRY--PERSONAL NAME | |
| Personal name | Heazle, Michael. |
| 9 (RLIN) | 11782 |
| 700 1# - ADDED ENTRY--PERSONAL NAME | |
| Personal name | Griffiths, Martin, |
| Dates associated with a name | 1961- |
| 9 (RLIN) | 11783 |
| 700 1# - ADDED ENTRY--PERSONAL NAME | |
| Personal name | Conley, Tom, |
| Dates associated with a name | 1966- |
| 9 (RLIN) | 11784 |
| 942 ## - ADDED ENTRY ELEMENTS (KOHA) | |
| Source of classification or shelving scheme | Dewey Decimal Classification |
| Item type | Book - Borrowing |
| Withdrawn status | Item status | Source of classification or shelving scheme | Damaged status | Not for loan | Vendor | Home library | Current library | Shelving location | Date acquired | Source of acquisition | Cost, normal purchase price | Serial Enumeration / chronology | Total Checkouts | Total Renewals | Full call number | Barcode | Date last seen | Date last borrowed | Koha item type |
|---|---|---|---|---|---|---|---|---|---|---|---|---|---|---|---|---|---|---|---|
| Dewey Decimal Classification | MERIC | Central Library | Central Library | First floor | 24/02/2010 | 697.90 | 10029 | 8 | 34 | 327 FOR | 000019909 | 15/07/2025 | 21/03/2017 | Book - Borrowing |